Italy True or False? - Statistics

General Stats
  • This quiz has been taken 47,341 times
  • The average score is 11 of 15
Answer Stats
Question Answer % Correct
The island of Sardinia is part of Italy True
92%
The Renaissance started in Italy True
88%
The south of Italy is wealthier than the north False
86%
Espresso was invented in Italy True
84%
Naples is south of Rome True
84%
Italy has won the FIFA World Cup True
84%
Italy borders Austria True
84%
Most of the popes in history have been Italian True
80%
Italy has never had a king False
79%
La Scala is a place where people go to watch horse racing False
76%
Rome is located on the Po River False
76%
Farfalle are pasta that are shaped like seashells False
61%
The Italian peninsula still has fewer people than it did during the peak of the Roman Empire False
60%
The luxury brand Gucci was founded by a man named Guccio Gucci True
43%
In Rome, there is a temple where priests have maintained the worship of Jupiter continuously since before 600 B.C. False
36%
No matching quizzes found
Score Distribution
Percent of People with Each Score
Percentile by Number Answered
Your Score History
You have not taken this quiz